<?xml version="1.0" encoding="UTF-8"?>
<collection xmlns="http://www.loc.gov/MARC21/slim">
    <record>
        <controlfield tag="001">71113</controlfield>
        <controlfield tag="005">20180720101850.0</controlfield>
        <datafield tag="024" ind1="7" ind2=" ">
            <subfield code="2">doi</subfield>
            <subfield code="a">10.17583/rise.2018.2846</subfield>
        </datafield>
        <datafield tag="024" ind1="8" ind2=" ">
            <subfield code="2">sideral</subfield>
            <subfield code="a">106771</subfield>
        </datafield>
        <datafield tag="037" ind1=" " ind2=" ">
            <subfield code="a">ART-2018-106771</subfield>
        </datafield>
        <datafield tag="041" ind1=" " ind2=" ">
            <subfield code="a">eng</subfield>
        </datafield>
        <datafield tag="100" ind1=" " ind2=" ">
            <subfield code="0">(orcid)0000-0001-8279-6759</subfield>
            <subfield code="a">Broc Cavero, Miguel Ángel</subfield>
            <subfield code="u">Universidad de Zaragoza</subfield>
        </datafield>
        <datafield tag="245" ind1=" " ind2=" ">
            <subfield code="a">Academic Performance and other psychological, social and family factors in compulsory secondary education students in a multicultural context.</subfield>
        </datafield>
        <datafield tag="260" ind1=" " ind2=" ">
            <subfield code="c">2018</subfield>
        </datafield>
        <datafield tag="506" ind1="0" ind2=" ">
            <subfield code="a">Access copy available to the general public</subfield>
            <subfield code="f">Unrestricted</subfield>
        </datafield>
        <datafield tag="520" ind1="3" ind2=" ">
            <subfield code="a">This work aims to transfer research on academic achievement in compulsory secondary education (CSE) students (12-18 years) from personal factors to others of a psychosocial or sociological type, in a Spanish center with a high level of immigration, which welcome students from twenty eight nationalities whose percentage is about 60%. A second objective was to develop a brief measurement instrument to predict academic achievement, being the main dependent variable the number of suspended subjects in all three course evaluations, finding an "optimal constellation of variables" which may be more likely to achieve better academic achievement. 317 students of Secondary Education were part of this research in a public center of Zaragoza (Aragon-Spain) who were given an "ad hoc" Family Settings, Psychosocial and Contextual Questionnaire" whose factorial analysis yielded three factors: Context Immigration, Family Settings and academic autobiographical history and study habits. Finally, we analyzed the differences found among students from different continents, trying to find sociocultural foundations and optimal conditions that can explain these differences. Further analysis allows us to glimpse a configuration of the most important variables that point to a hypothetical "academic success" in this educational field where there is great ethnic and cultural diversity.

En este trabajo se intentó abordar el problema del rendimiento académico en alumnos de educación secundaria obligatoria (12-18 años) desde perspectivas más sociológicas, psicosociales o contextuales relativamente alejadas de modelos personales-endógenos, con el fin de encontrar variables o factores supuestamente más relacionados con las culturas y costumbres de los alumnos de un centro público de enseñanza secundaria de Zaragoza (España) multicultural, con alto nivel de inmigración y con alumnos de hasta veintiocho nacionalidades distintas. 317 alumnos formaron parte de esta investigación diseñándose un cuestionario “ad hoc” de Configuraciones Familiares, Psicosociales y Contextuales cuyo análisis factorial arrojó tres factores: Contexto de Inmigración, Configuración Familiar e Historia autobiográfica académica y hábitos de estudio. El programa Lisrel arrojó unos índices de bondad de ajuste del modelo justos pero suficientes. Finalmente, se analizaron las diferencias existentes encontradas entre los alumnos de los distintos continentes, tratando de extraer las condiciones óptimas donde puede ser más probable conseguir un hipotético éxito académico, mostradas a través del análisis de varianza de un factor.</subfield>
        </datafield>
        <datafield tag="540" ind1=" " ind2=" ">
            <subfield code="9">info:eu-repo/semantics/openAccess</subfield>
            <subfield code="a">by</subfield>
            <subfield code="u">http://creativecommons.org/licenses/by/3.0/es/</subfield>
        </datafield>
        <datafield tag="655" ind1=" " ind2="4">
            <subfield code="a">info:eu-repo/semantics/article</subfield>
            <subfield code="v">info:eu-repo/semantics/publishedVersion</subfield>
        </datafield>
        <datafield tag="710" ind1="2" ind2=" ">
            <subfield code="1">4009</subfield>
            <subfield code="2">735</subfield>
            <subfield code="a">Universidad de Zaragoza</subfield>
            <subfield code="b">Dpto. Psicología y Sociología</subfield>
            <subfield code="c">Área Psicolog.Evolut.Educac</subfield>
        </datafield>
        <datafield tag="773" ind1=" " ind2=" ">
            <subfield code="g">7, 1 (2018), 23</subfield>
            <subfield code="p">RISE</subfield>
            <subfield code="t">RISE - International Journal of Sociology of Education</subfield>
            <subfield code="x">2014-3575</subfield>
        </datafield>
        <datafield tag="856" ind1="4" ind2=" ">
            <subfield code="s">170115</subfield>
            <subfield code="u">http://zaguan.unizar.es/record/71113/files/texto_completo.pdf</subfield>
            <subfield code="y">Versión publicada</subfield>
        </datafield>
        <datafield tag="856" ind1="4" ind2=" ">
            <subfield code="s">63718</subfield>
            <subfield code="u">http://zaguan.unizar.es/record/71113/files/texto_completo.jpg?subformat=icon</subfield>
            <subfield code="x">icon</subfield>
            <subfield code="y">Versión publicada</subfield>
        </datafield>
        <datafield tag="909" ind1="C" ind2="O">
            <subfield code="o">oai:zaguan.unizar.es:71113</subfield>
            <subfield code="p">articulos</subfield>
            <subfield code="p">driver</subfield>
        </datafield>
        <datafield tag="951" ind1=" " ind2=" ">
            <subfield code="a">2018-07-20-08:22:37</subfield>
        </datafield>
        <datafield tag="980" ind1=" " ind2=" ">
            <subfield code="a">ARTICLE</subfield>
        </datafield>
    </record>

    
</collection>